000 00673nam a22001817a 4500
003 BD-ChCU
005 20260510120032.0
008 260510b bg ||||| |||| 00| 0 ben d
020 _a9781032333526
040 _cBD-ChCU
082 _a351.5492 A286d
100 _a Ahmed, Nizam
_922678
245 _aDemocratic governance in Bangladesh :
_b : dilemmas of governing /
_c Nizam Ahmed.
260 _aNew york:
_bTaylor and Francis
_c2023
300 _a225p.
650 0 _a Introduction -- The executive government -- Parliament-government relations -- Parliament-judiciary relations -- Executive-judiciary relations -- Political executives
_922682
942 _2ddc
_cBK
_n0
999 _c112823
_d112823